Statystyki dla Kraje najbliżej Liberii - Jednominutowy sprint

Kliknij tutaj aby rozwiązać quiz!

Ogólne statystyki

  • Ten quiz został rozwiązany 8 razy
  • Średni wynik to 12 z 20

Statystyki odpowiedzi

kmkraj% Poprawnych
0Sierra Leone
100%
997Benin
83%
281Mali
83%
1203Niger
83%
452Senegal
83%
0Côte d'Ivoire
67%
665Gambia
67%
0Gwinea
67%
519Gwinea Bissau
67%
1118Nigeria
67%
886Togo
67%
1811Algieria
50%
450Burkina Faso
50%
469Ghana
50%
1773Gwinea Równikowa
50%
1778Kamerun
50%
721Mauretania
50%
1458Sahara Zachodnia
33%
1620Wyspy Świętego
Tomasza i Książeca
17%
1574Cabo Verde
0%

Rozkład punktacji

Percentyl według liczby udzielonych odpowiedzi

Procent ludzi z każdym wynikiem

Twoja historia wyników

Nie rozwiązałeś tego quizu